• 首页
  • 本馆介绍
  • 公告通知
  • 最新文献
  • 馆藏检索
  • 电子资源
  • 读者导购
  • 参考咨询
  • 我的图书馆
  • 登录
  • 详细信息显示
  • 放入我的书架
  • 预约/预借图书
  • 作者相关作品
  • 分类相关作品
  • 丛书相关作品
  • 出版社相关作品

书目信息

  • 表格格式
  • 工作单格式
  • 卡片格式
题名:
图说河蟹养殖关键技术
    
 
作者: 占家智 , 羊茜 , 姚继明 编著
分册:  
出版信息: 郑州   河南科学技术出版社  2020.10
页数: 202页
开本: 21cm
丛书名: 特种养殖致富快车
单 册:
中图分类: S966.16
科图分类:
主题词: 养蟹--yang xie--淡水养殖--图集
电子资源:
ISBN: 978-7-5725-0138-8
000 01110nam0 2200289 450
001 2372655622
005 20231130201105.82
010    @a978-7-5725-0138-8@dCNY39.80
100    @a20201127d2020 em y0chiy50 ea
101 0  @achi
102    @aCN@b410000
105    @aa a 000yy
106    @ar
200 1  @a图说河蟹养殖关键技术@Atu shuo he xie yang zhi guan jian ji shu@f占家智, 羊茜, 姚继明编著
210    @a郑州@c河南科学技术出版社@d2020.10
215    @a202页@c彩图@d21cm
225 2  @a特种养殖致富快车@Ate zhong yang zhi zhi fu kuai che
320    @a有书目 (第202页)
330    @a本书共分为: 概述、河蟹的繁育、河蟹的苗种培育、池塘精养河蟹、稻田养蟹、河蟹的其他养殖模式、水草与栽培、河蟹的病害防治几部分, 主要内容包括: 河蟹的形态特征、河蟹的生态习性与养殖的关系、河蟹的生活史、河蟹种质资源和种苗质量等。
410  0 @12001 @a特种养殖致富快车
606 0  @a养蟹@Ayang xie@x淡水养殖@j图集
690    @aS966.16@v5
701  0 @a占家智@Azhan jia zhi@4编著
701  0 @a羊茜@Ayang qian@4编著
701  0 @a姚继明@Ayao ji ming@4编著
801    @aCN@b山东中教@c20231121
905    @aBZT@dS966.16@e103
    
    图说河蟹养殖关键技术/占家智, 羊茜, 姚继明编著.-郑州:河南科学技术出版社,2020.10
    202页:彩图;21cm.-(特种养殖致富快车)
    
    
    ISBN 978-7-5725-0138-8:CNY39.80
    本书共分为: 概述、河蟹的繁育、河蟹的苗种培育、池塘精养河蟹、稻田养蟹、河蟹的其他养殖模式、水草与栽培、河蟹的病害防治几部分, 主要内容包括: 河蟹的形态特征、河蟹的生态习性与养殖的关系、河蟹的生活史、河蟹种质资源和种苗质量等。
●
相关链接 在五车中查询图书 在当当中查询图书 在豆瓣中查询图书


正题名:图说河蟹养殖关键技术     索取号:S966.16/103         预约/预借

序号 登录号 条形码 馆藏地/架位号 状态 备注
1 2001053722   2001053722   中教第一批/山东中教(第二批)/764/ [索取号:S966.16/103] 在馆    
2 2001053723   2001053723   中教第一批/山东中教(第二批)/764/ [索取号:S966.16/103] 在馆    
3 2001053724   2001053724   中教第一批/山东中教(第二批)/764/ [索取号:S966.16/103] 在馆    
4 2001053725   2001053725   中教第一批/山东中教(第二批)/764/ [索取号:S966.16/103] 在馆    
5 2001053726   2001053726   中教第一批/山东中教(第二批)/764/ [索取号:S966.16/103] 在馆    
6 2001053727   2001053727   中教第一批/山东中教(第二批)/764/ [索取号:S966.16/103] 在馆    
山东省滨州职业学院图书馆 欢迎您!
大连网信软件有限公司© 版权所有